Music Quiz

Random Music or Song Quiz
Score 0/25 Timer 05:00
4 Plays Today
% Correct
Bridge over
94.6%
Bennie and
93.3%
Me and
84.5%
I Shot
83.7%
Gypsys, Tramps
82%
Bad, Bad
78.7%
Cat's in
78.2%
Three Times
76.2%
The Way
76%
Joy to
76%
I Write
75.6%
Let's Get
75.3%
Blinded by
73.7%
% Correct
You've Got
73.3%
Play That
67.9%
You Should
65.4%
New Kid
64.1%
We're an
63.2%
Hooked on
50.7%
With a
49.8%
Let Your
48%
Da Doo
46.8%
Make It
42.6%
When I
42.2%
Kiss You
40.6%
Remove Ads.
Support Sporcle.
Get the best of Sporcle when you Go Orange. This ad-free experience offers more features, more stats, and more fun while also helping to support Sporcle. Thank you for becoming a member.

You're not logged in!

Compare scores with friends on all Sporcle quizzes.
OR
Log In

Show Comments

Extras

Top Quizzes Today


Score Distribution

Your Account Isn't Verified!

In order to create a playlist on Sporcle, you need to verify the email address you used during registration. Go to your Sporcle Settings to finish the process.

Report this User

Report this user for behavior that violates our Community Guidelines.

Details: